Derecho Comercial: actos de comercio, empresas, comerciantes y empresarios
Bewaard in:
| Hoofdauteur: | |
|---|---|
| Formaat: | Boek |
| Taal: | Spaans |
| Gepubliceerd in: |
Bogotá
Temis
2010
|
| Onderwerpen: | |
| Tags: |
Voeg label toe
Geen labels, Wees de eerste die dit record labelt!
|
MARC
| LEADER | 00000cam a2200000 a 4500 | ||
|---|---|---|---|
| 001 | UCG9316 | ||
| 003 | CL-VaPUC | ||
| 008 | 120309e20100000CK |||||||||||||||||spa|d | ||
| 020 | |a 9789583507236 | ||
| 082 | 0 | 4 | |a 346.07 |b CAS |2 21 |
| 100 | 0 | |a Castro de Cifuentes, Marcela |e author |9 560819 | |
| 245 | 1 | 0 | |a Derecho Comercial: actos de comercio, empresas, comerciantes y empresarios |
| 300 | |a 344 p | ||
| 942 | |c BK | ||
| 945 | |d 20120309 00:00:00 |a dcastane | ||
| 260 | |a Bogotá |b Temis |c 2010 | ||
| 650 | 0 | |a Derecho comercial |9 256340 | |
| 650 | 0 | |a Empresas comerciales |9 334163 | |
| 650 | 0 | |a Sociedades comerciales |9 257290 | |
| 651 | 0 | |a Colombia |9 256424 | |
| 583 | |a last modification |c 20120309 14:21:00 |k Rodrigo Vera | ||
| 999 | |c 346874 |d 346872 | ||
| 952 | |0 0 |1 0 |4 0 |6 346_070000000000000_CAS_2010 |7 0 |8 A |9 447813 |a BIBDER |b BIBDER |d 2019-11-22 |i 4795547 |l 1 |o 346.07 CAS 2010 |p 4795547 |r 2023-01-25 |s 2022-11-30 |w 2019-11-22 |y BK |k DER | ||